书目信息 |
| 题名: |
新闻有常 俯仰百变
|
|
| 作者: | 林玉树 著 | |
| 分册: | ||
| 出版信息: | 北京 中国传媒大学出版社 2010 |
|
| 页数: | 241页 | |
| 开本: | 21cm | |
| 丛书名: | 新闻记者视点丛书 | |
| 单 册: | ||
| 中图分类: | G212.1-53 , G212.2-53 | |
| 科图分类: | ||
| 主题词: | 新闻采访--文集 , 新闻写作--文集 , 新闻采访 , 新闻写作 | |
| 电子资源: | ||
| ISBN: | 978-7-81127-867-5 | |
| 000 | 01130oam2 2200313 45 | |
| 001 | 1130730187 | |
| 005 | 20110310092024.42 | |
| 010 | @a978-7-81127-867-5@dCNY25.00 | |
| 100 | @a20110122d2010 em y0chiy50 ea | |
| 101 | 0 | @achi |
| 102 | @aCN@b110000 | |
| 105 | @ay z 000yy | |
| 106 | @ar | |
| 200 | 1 | @a新闻有常 俯仰百变@AXin Wen You Chang Fu Yang Bai Bian@e新闻采访与写作技巧谈@EXin Wen Cai Fang Yu Xie Zuo Ji Qiao Tan@f林玉树著@FLin Yu Shu Zhu |
| 210 | @a北京@c中国传媒大学出版社@d2010 | |
| 215 | @a241页@d21cm | |
| 225 | 2 | @a新闻记者视点丛书 |
| 330 | @a本书分为旧论新编、采写漫议、绿野撷英三辑,收录了“如何采访专家学者——从一次不成功的采访谈起”、“要做有心人——采写《贴心人》点滴体会”、“新闻基础知识”等文章。 | |
| 461 | 0 | @12001 @a新闻记者视点丛书 |
| 517 | 1 | @a新闻采访与写作技巧谈@AXin Wen Cai Fang Yu Xie Zuo Ji Qiao Tan |
| 606 | 0 | @a新闻采访@j文集 |
| 606 | 0 | @a新闻写作@j文集 |
| 606 | 0 | @a新闻采访 |
| 606 | 0 | @a新闻写作 |
| 690 | @aG212.1-53@v4 | |
| 690 | @aG212.2-53@v4 | |
| 701 | 0 | @a林玉树@ALin Yu Shu@4著 |
| 801 | 0 | @aCN@bTANGWEI@c20110310 |
| 905 | @b0531806-09@dG212.1-53@e432@f4 | |
| 新闻有常 俯仰百变:新闻采访与写作技巧谈/林玉树著.-北京:中国传媒大学出版社,2010 |
| 241页;21cm.-(新闻记者视点丛书) |
| ISBN 978-7-81127-867-5:CNY25.00 |
| 本书分为旧论新编、采写漫议、绿野撷英三辑,收录了“如何采访专家学者——从一次不成功的采访谈起”、“要做有心人——采写《贴心人》点滴体会”、“新闻基础知识”等文章。 |
| ● |
| 相关链接 |
|
|
|
|
正题名:新闻有常 俯仰百变
索取号:G212.1-53/432
 
预约/预借
| 序号 | 登录号 | 条形码 | 馆藏地/架位号 | 状态 | 备注 |
| 1 | 0531806 | 205318066 | 第一样本阅览室/ [索取号:G212.1-53/432] | 在馆 | |
| 2 | 0531807 | 205318075 | 密集书库-文学院/ [索取号:G212.1-53/432] | 在馆 | |
| 3 | 0531808 | 205318084 | 第四借阅区/ [索取号:G212.1-53/432] | 在馆 | |
| 4 | 0531809 | 205318093 | 第四借阅区/ [索取号:G212.1-53/432] | 在馆 |